Introduction to numerical analysis /

Guardado en:
Autor Principal: Hildebrand, Francis Begnaud.
Formato: Libro
Idioma:English
Publicado: New York : McGraw-Hill, 1956.
Series:International series in pure and applied mathematics
Materias:
Etiquetas: Agregar Etiqueta
Sin Etiquetas, Sea el primero en etiquetar este registro!
LEADER 00695cam a22002055 4500
001 MAT.inmabb006970
008 721219s1956####nyua#####b####001#0#eng##
005 20170809150424.0
245 0 0 |a Introduction to numerical analysis /  |c F. B. Hildebrand. 
260 |a New York :  |b McGraw-Hill,  |c 1956. 
300 |a x, 511 p. :  |b il. ;  |c 24 cm. 
490 0 |a International series in pure and applied mathematics 
504 |a Incluye referencias bibliográficas (p. 490-501) e índice. 
510 4 |a MR,  |c 17,788d 
100 1 |a Hildebrand, Francis Begnaud. 
650 0 |a Numerical analysis. 
084 |a 65-01  |2 msc2000 
010 |a  55008284  
040 |a DLC  |c DLC  |d DLC 
859 |h 65  |i H642i  |p A-610  |b BIB. MATEMATICA